000 00981cam a2200277 4500
008 031028n2004 000 0 eng u
020 _a0853088810
035 _a(Sirsi) u124091
041 _aeng
050 _a346.410482
_c18
100 _aCook, T.
245 4 _aThe new copyright directive
_bUK implementation
260 _aBristol
_bJordan Publishing Ltd
_c2004
300 _axxiv, 268p.
_c25cm
350 _a59
490 _aJordans New Law Series
520 _aA guide to intellectual property. The Copyright Directive was implemented on 31st October 2003, and affect the basic rights of users of copyright material, in particular the rights of reproduction and electronic communication to the public.
650 _aCOPYRIGHT
650 _aDIRECTIVE 2001/29/EC
650 _aINTELLECTUAL PROPERTY
690 _aMANAGEMENT-BUSINESS MANAGEMENT-INFORMATION MANAGEMENT
700 _aBrazell, L.
700 _aChalton, S.
700 _aSmyth, C.
942 _n0
999 _c103141
_d103141